000 01756nam a22005057a 4500
003 OSt
005 20230413104146.0
008 221006b |||||||| |||| 00| 0 eng d
040 _cBiblioteca Lado V
082 _a700
_bK41a
100 _9797
_aKerraoul, Jean Pierre de
_eeditor
_edirector
245 _aArtpress/
260 _bCourt Gallerie
_c2007
_aParis
300 _c21x28cm
_a98p.
366 _eeng
366 _efre
490 _v07
_v2007
_x0245 5676
_a334
505 _texporama
505 _tenquete lectorat
505 _tIrcam: 30 ans
505 _tle marche de l'art
505 _tartistes en herbe, ou la crainte de rater le prochain Picasso
505 _tANSELM KIEFER pluie d'etoiles au Grand Palais
505 _tKIEFER, l'oeuvre au noir
505 _tSteven Parrino
505 _tBarcelone: un theatre sans theatre
505 _tl'art contemporain a Boston
505 _tart press livres
505 _tJacques Henric politique
505 _tqui prend la litterature au serieux?
505 _tGeorges Didi-Huberman l'image ouverte
505 _tWilliam Gass le tunnel
505 _tle feuilleton
505 _tles expositions
650 _2Tesauro de Arte & Arquitectura
_aARTE
_9703
650 _2Tesauro de Arte & Arquitectura
_aEXPOSICIONES
650 _2Tesauro de Arte & Arquitectura
_aBIENAL
650 _2Tesauro de Arte & Arquitectura
_aAPRECIACION
650 _2Tesauro de Arte & Arquitectura
_aTEORIA
650 _2Tesauro de Arte & Arquitectura
_aCRITICA
650 _2Tesauro de Arte & Arquitectura
_aFOTOGRAFIA
_9702
650 _2Tesauro de Arte & Arquitectura
_aLITERATURA
650 _2Tesauro de Arte & Arquitectura
_aPARIS
942 _2ddc
_c1
_h700
_iK41a
_n0
999 _c3358
_d3358